| 000 | 00611nam a2200229Ia 4500 | ||
|---|---|---|---|
| 001 | TB335 | ||
| 003 | IN-BhIIT | ||
| 005 | 20251202133344.0 | ||
| 008 | 151127s9999 xx 000 0 und d | ||
| 020 | _a9780070619883 | ||
| 040 | _aIN-BhIIT | ||
| 041 | _aeng | ||
| 082 |
_a515.7 _bRUD/F |
||
| 100 |
_aRudin, Walter. _eAuthor _91898 |
||
| 245 |
_aFunctional analysis / _cby Walter Rudin |
||
| 250 | _a2nd ed. | ||
| 260 |
_aNew Delhi : _bTata McGraw-Hill, _c2006. |
||
| 300 |
_axv, 424 p. ; _c24 cm. |
||
| 650 |
_aFunctional analysis. _9377 |
||
| 700 |
_aNagy, Bela Sz. _eJoint author _920573 |
||
| 942 |
_cTB _020 |
||
| 999 |
_c985 _d985 |
||